| 000 | 00504nam a2200241Ia 4500 | ||
|---|---|---|---|
| 001 | 069155 | ||
| 003 | YMCAF | ||
| 005 | 20230512160548.0 | ||
| 008 | 100717s1982 ||||||||||||||||| ||und|d | ||
| 020 | _a- | ||
| 024 | _a69155 | ||
| 035 | _a8618 | ||
| 040 |
_aYMCAF _beng _cIN-KoLT |
||
| 041 | _aeng | ||
| 082 |
_a004.16 _bNOL.2 |
||
| 100 | _aNOLL, EDWARD | ||
| 245 | 0 | _aMICROPROCESSOR CIRCUITS VOL-II | |
| 260 |
_bHOWARD _c1982 |
||
| 300 | _a596 | ||
| 653 | _a- | ||
| 653 | _a- | ||
| 942 |
_2ddc _cBK |
||
| 999 |
_c5329 _d5329 |
||